| 000 | 00598nam a2200217 a 4500 | ||
|---|---|---|---|
| 005 | 20140310183537.0 | ||
| 008 | 110819s19uu xx 00 eng d | ||
| 020 | _a9780070183285 | ||
| 050 |
_aHB 172.5 _b.M478 2010 |
||
| 100 | _aMcConnell, Campbell | ||
| 245 |
_aMacroeconomics / _cCampbell McConnell; Stanley Brue; Sean Flynn. |
||
| 250 | _a1st ed. | ||
| 260 |
_aBoston : _bMcGraw Hill, _c2010. |
||
| 300 |
_a316 p. : _bcol. ill. ; _c26 cm. |
||
| 521 | _aBSBA | ||
| 650 | _aMacroeconomics | ||
| 700 | _aBrue, Stanley | ||
| 700 | _aFlynn, Sean | ||
| 942 |
_cBK _2lcc _kFOR |
||
| 999 |
_c24744 _d24744 |
||